How to become an officer, U. S. army /

Bibliographic Details
Main Author: Vollmer, Arthur, 1890-
Format: Book
Language:English
Published: New York : Hastings house, [1941]
Subjects:

MARC

Tag First Indicator Second Indicator Subfields
LEADER 00000cam a2200000 4500
001 in00000061133
005 20151008051628.0
008 770322s1941 nyu 00000 engm
010 |a  41018361  
035 |a (OCoLC)02825371 
035 |9 AAG9057AM 
040 |a DLC  |c DMM  |d TXA  |d UtOrBLW 
049 |a TXAM  |c [116647] 
050 0 |a UB413  |b .V6 
082 0 |a 355.330073 
092 |a 355.33  |b V926h 
100 1 |a Vollmer, Arthur,  |d 1890- 
245 1 0 |a How to become an officer, U. S. army /  |c by Major Arthur Vollmer... Based on official War department army regulations and other government documents, which are either incorporated, summarized, or cited. 
264 1 |a New York :  |b Hastings house,  |c [1941] 
264 4 |c [©1941] 
300 |a xvi, 3-98 pages ;  |c 19 cm. 
336 |a text  |b txt  |2 rdacontent 
337 |a unmediated  |b n  |2 rdamedia 
338 |a volume  |b nc  |2 rdacarrier 
610 1 0 |a United States.  |b Army  |x Appointments and retirements. 
610 1 0 |a United States.  |b Army  |x Officers. 
999 |a MARS 
999 f f |s c36d428b-8608-3045-b703-508999d0577b  |i a730e486-df7d-32b0-a115-60cf2dd5a61e  |t 0 
952 f f |p ric  |a Texas A&M University  |b Rellis Campus  |c Joint Library Facility  |d Remote Storage  |t 0  |e UB413 .V6  |h Library of Congress classification  |i unmediated -- volume  |m A14800804859 
998 f f |a UB413 .V6  |t 0  |l Remote Storage